000 00928nam0a22002411 4500
001 rc\337667
005 20250621044517.0
035 _a(NLR Aleph) 005580058
090 _a6102619
_c6102619
100 _a20030307d1989 |||y0rusy50 ca
101 0 _arus
102 _aRU
105 _ay |||||||||
200 1 _aИндивидуальный подход к развитию мышечной силы у юных спортсменов
_fАН СССР, Междувед. кооринац. совет, Науч. совет по космич. исслед. для нар. хоз-в,. Секция мед.-биол. пробл. космич. исслед.
205 _aПрепр.
210 _aЛ.
_cБ. и.
_d1989
215 _a17, [1] с.
_d20
700 1 _aПевнев
_bП.В.
_gПавел Викторович
801 0 _aRU
_bNLR
_gpsbo
801 1 _aRU
_bELAR
_2rusmarc
852 _aNLR
_j90-4/4233
942 _cBOOK
980 _aNB